Statistiques concernant Pays n'ayant jamais gagnés de médailles aux Jeux Olympiques

Cliquez ici pour prendre le quiz!

Statistiques générales

  • Ce quiz a été pris 179 fois
    (91 depuis la dernière actualisation)
  • Le résultat moyen est 30 sur 73

Statistiques - réponses

ContinentNombre de participationsPays% Correct
Europe23Andorre
81%
Europe30Monaco
71%
Océanie3Tuvalu
63%
Amérique du Nord12Bélize
62%
Afrique11Lesotho
60%
Amérique du Nord6Sainte-Lucie
60%
Afrique6Cap-Vert
59%
Amérique du Nord8Saint-Vincent-et-les Grenadines
59%
Océanie6Nauru
57%
Amérique du Nord6Saint-Christophe-et-Niévès
57%
Océanie8Vanuatu
57%
Afrique6Comores
56%
Océanie4Kiribati
56%
Afrique11Eswatini
54%
Afrique11Guinée
54%
Océanie3Îles Marshall
54%
Afrique6Sao Tomé-et-Principe
54%
Europe12Albanie
53%
Amérique du Nord7Dominique
53%
Afrique9Rwanda
53%
Océanie9Salomon
53%
Afrique9Seychelles
53%
Asie9Bhoutan
51%
Asie9Laos
51%
Océanie5Palaos
51%
Amérique du Nord12Honduras
50%
Asie9Oman
50%
Afrique10République démocratique du Congo
50%
Afrique12République du Congo
50%
Europe18Malte
49%
Océanie5Micronésie
49%
Asie17Népal
49%
Amérique du Nord12Nicaragua
49%
Amérique du Nord11Salvador
49%
Asie7Yémen
49%
Afrique12Bénin
47%
Asie9Cambodge
46%
Afrique9Guinée Equatoriale
46%
Asie5Brunei
44%
Afrique6Guinée-Bissau
44%
Afrique1Soudan du sud
44%
Asie6Timor oriental
43%
Afrique9Angola
41%
Afrique11Sierra Leone
41%
Asie9Bangladesh
38%
Europe14Bosnie-Herzégovine
38%
Océanie10Papouasie-Nouvelle-Guinée
38%
Afrique9Gambie
37%
Afrique14Madagascar
37%
Afrique10Malawi
37%
Afrique13Mali
37%
Afrique9Mauritanie
37%
Asie17Birmanie
34%
Amérique du Sud20Bolivie
34%
Asie8Maldives
34%
Afrique9Somalie
32%
Afrique12Liberia
31%
Afrique10République Centrafricaine
31%
Afrique12Tchad
29%
Asie3Taiwan
28%
Afrique10Libye
24%
Asie6Palestine
21%
Amérique du Nord8Aruba
10%
Océanie9Guam
9%
Amérique du Nord9Îles Vierges britanniques
9%
Océanie8Samoa américaines
6%
Océanie8Îles Cook
4%
Amérique du Nord12Îles Caïmans
3%
Asie1Yémen du Sud
3%
-1Athlètes réfugiés
1%
Asie1Bornéo du Nord
1%
Europe1Sarre
1%
Asie2Yémen du Nord
1%

Distribution des résultats

Percentile par nombre de réponses

% des personnes avec chaque résultat

Votre développement - résultats

Vous n’avez pas pris ce quiz depuis la dernière actualisation